<?xml version="1.0" encoding="UTF-8"?>
<marc:record xmlns:marc="http://www.loc.gov/MARC21/slim">
   <marc:leader>00000nam a2200000 a 4500</marc:leader>
   <marc:datafield ind1="1" ind2=" " tag="100">
      <marc:subfield code="a">Dippel, Julia</marc:subfield>
      <marc:subfield code="4">aut</marc:subfield>
      <marc:subfield code="e">Verfasser/-in</marc:subfield>
   </marc:datafield>
   <marc:datafield ind1=" " ind2=" " tag="653">
      <marc:subfield code="a">Weibliche Jugend</marc:subfield>
   </marc:datafield>
   <marc:datafield ind1=" " ind2=" " tag="653">
      <marc:subfield code="a">Tod</marc:subfield>
   </marc:datafield>
   <marc:datafield ind1=" " ind2=" " tag="653">
      <marc:subfield code="a">Erste Liebe</marc:subfield>
   </marc:datafield>
   <marc:datafield ind1=" " ind2=" " tag="653">
      <marc:subfield code="a">Dimensionen</marc:subfield>
   </marc:datafield>
   <marc:datafield ind1="0" ind2="0" tag="245">
      <marc:subfield code="a">Cassardim - Jenseits der Schwarzen Treppe</marc:subfield>
   </marc:datafield>
   <marc:datafield ind1="0" ind2="0" tag="245">
      <marc:subfield code="b">Jugendroman ab 14 Jahren</marc:subfield>
   </marc:datafield>
   <marc:datafield ind1=" " ind2="1" tag="264">
      <marc:subfield code="b">Thienemann-Esslinger Verlag GmbH</marc:subfield>
      <marc:subfield code="c">2020</marc:subfield>
   </marc:datafield>
   <marc:datafield ind1="1" ind2=" " tag="490">
      <marc:subfield code="a">Cassardim</marc:subfield>
   </marc:datafield>
   <marc:datafield ind1="1" ind2=" " tag="520">
      <marc:subfield code="a">Klappentext: Als Goldene Erbin und Verlobte des Schattenprinzen ist Amaia den Mächtigen in Cassardim ein Dorn im Auge. Auf ihrer Reise durch die Fürstentümer muss sie deshalb nicht nur die höfischen Intrigen überleben, sondern auch diverse Mordanschläge. Besonders in der Schattenfeste, wo Liebe als Schwäche gesehen wird, schwebt Amaia in großer Gefahr. Um sie zu schützen, ist Noár gezwungen, erneut zu dem skrupellosen Prinzen zu werden, den alle so fürchten. Doch wieder einmal ist nichts, wie es scheint, sodass nicht nur Amaias Herz auf eine harte Probe gestellt wird.   Eine außergewöhnliche Fantasy-Liebesgeschichte von Izara-Autorin Julia Dippel "Cassardim - Jenseits der Goldenen Brücke" wurde 2020 nominiert für den Jugendbuchpreis "Buxtehuder Bulle".  Biografie Julia Dippel wurde 1984 in München geboren und arbeitet als freischaffende Regisseurin für Theater und Musiktheater. Um den Zauber des Geschichtenerzählens auch den nächsten Generationen näher zu bringen, gibt sie außerdem seit über zehn Jahren Kindern und Jugendlichen Unterricht in dramatischem Gestalten. Ihre Textfassungen, Überarbeitungen und eigenen Stücke kamen bereits mehrfach zur Aufführung.</marc:subfield>
   </marc:datafield>
   <marc:datafield ind1=" " ind2=" " tag="020">
      <marc:subfield code="a">9783522506984</marc:subfield>
      <marc:subfield code="9">9783522506984</marc:subfield>
   </marc:datafield>
</marc:record>
